| 000 | 02321cam a2200409 a 4500 | ||
|---|---|---|---|
| 001 | 15374982 | ||
| 003 | BD-DhUL | ||
| 005 | 20141015102635.0 | ||
| 008 | 080721s2009 maua 000 0 eng | ||
| 010 | _a 2008032279 | ||
| 015 |
_aGBA8E1066 _2bnb |
||
| 016 | 7 |
_a014857505 _2Uk |
|
| 020 | _a9780262012836 (hardcover : alk. paper) | ||
| 020 | _a0262012839 (hardcover : alk. paper) | ||
| 035 | _a(OCoLC)235946099 | ||
| 040 |
_aDLC _cDLC _dBTCTA _dYDXCP _dUKM _dC#P _dBWX _dCDX _dVVC _dDLC _dBD-DhUL |
||
| 050 | 0 | 0 |
_aQ158.5 _bD454 2009 |
| 050 | 0 | 4 | _aQC176.8.N35 D426 2009 |
| 082 | 0 | 0 |
_a541.24 _bDEN |
| 100 | 1 | _aDeffeyes, Kenneth S. | |
| 245 | 1 | 0 |
_aNanoscale : _bvisualizing an invisible world / _cwords by Kenneth S. Deffeyes ; illustrations by Stephen E. Deffeyes. |
| 260 |
_aCambridge, Mass. : _bMIT Press, _cc2009. |
||
| 300 |
_aix, 133 p. : _bcol. ill. ; _c24 cm. |
||
| 365 |
_aUS$ _b20.66 |
||
| 500 | _aIncludes Index. | ||
| 505 | 0 | _aAir -- Ice and water vapor -- Gold -- Chemical bonds -- Sodium chloride -- Diamond -- Hexagonal diamond -- Nanotubes and buckyballs -- Asbestos -- Pyroxene -- Amino acids -- Phosphate -- Alpha helix and beta sheet -- Lysozime -- Drugs -- Hemoglobin -- Chlorophyll -- Urease -- Lipid membrane -- Rod virus -- Icosahedra virus -- Unit cell discovery -- Twinned crystals -- Calcite twinning -- Calcite twin plane -- Dolomite twin plane -- Quartz -- Close-packed metals -- Screw dislocation -- Erionite -- Faujasite -- Lubricants -- Montmorillonite -- Perovskite morph -- Perovskite superconductor -- Silicon diode -- Fuel cell -- Laser crystals -- Supercapacitor -- Epitaxial growth -- Memristor -- Ferromagnetism -- Rare earth magnets -- Flash memory -- Metallic glass -- Spinodal decomposition -- Diamantine -- Penrose tiling -- Penrose diffraction -- Quasicrystal. | |
| 650 | 0 | _aScience. | |
| 650 | 0 | _aMolecular structure. | |
| 650 | 0 | _aNanostructures. | |
| 650 | 0 | _aCrystallography. | |
| 650 | 0 | _aNanoscience. | |
| 700 | 1 | _aDeffeyes, Stephen E. | |
| 856 | 4 | 1 |
_3Table of contents only _uhttp://www.loc.gov/catdir/toc/ecip0824/2008032279.html |
| 906 |
_a7 _bcbc _corignew _d1 _eecip _f20 _gy-gencatlg |
||
| 942 |
_2ddc _cBK |
||
| 955 |
_ajp43 2008-07-21 _cjp43 2008-07-21 to subj _aaa07 2008-07-22 _axe03 2009-03-18 1 copy rec'd., to CIP ver. _axf04 2009-06-08 copy 2 added |
||
| 999 |
_c14715 _d14715 |
||